1322 1937 1129 1049 1584 1381 1445 1945 1804 1809 1908 1961 1060 1194 1713 1296 1633 1166 1892 1740 1395 1240 1986 1740 1276 1880 1338 1100 1041 1503 1357 1789 1032 1752 1170 1400 1612 1406 1825 1387 1694 1285 1107 1431 1680 1903 1733 1026 1648 1690 1270 1384 1730 1480 1936 1657 1134 1662 1327 1390 1026 1044 1986 1524 1850 1451 1303 1002 1626 1588 1349 1191 1186 1725 1947 1521 1407 1732 1637 1025 1470 1606 1312 1807 1090 1498 1640 1924 1543 1339 1763 1462 1426 1562 1451 1549 1063 1695 1764 BCNSPRNW ULIB Ver.6.0+V

เปลี่ยนเป็นภาษาไทย

Change to English
 แสดงรายละเอียดบรรณานุกรม
  กลับหน้าหลัก

Brief Record : Get Marc (ISO 2709) : E-mail record : QR code < ปิดหน้าต่าง
LEADER : 00000nam 2200000uu 4500
001    13399126117
003     ULIB
008    180611s2559||||th 000 0 tha d
020    ^a9789741112425
060 04 ^aWY161^bอ684ส ล.2
245 00 ^aสาระหลักทางการพยาบาลศัลยศาสตร์ ^nเล่ม 2 /^cบรรณาธิการ,อุษาวดี อัศดรวิเศษ
250    ^aพิมพ์ครั้งที่ 3(ฉบับปรับปรุง)
260    ^aกรุงเทพฯ :^bภาควิชาการพยาบาลศัลยศาสตร์ คณะพยาบาลศาสตร์มหาวิทยาลัยมหิดล,^c2559
300    ^a248 หน้า ;^c26 ซม.
650  7 ^aการพยาบาลศัลยศาสตร์
650  7 ^aศัลยศาสตร์ ^xการพยาบาล
700 0  ^aอุษาวดี อัศดรวิเศษ,^eบรรณาธิการ
710 2  ^aมหาวิทยาลัยมหิดล. ^bคณะพยาบาลศาสตร์.^bภาควิชาการพยาบาลศัลยศาสตร์
945    ^p200^l0^i26093
945    ^p200^l0^i26094
945    ^p200^l0^i26095
995    ^aกัณชพร
999    ^aกัณชพร
รายการนี้ยังไม่มีแท็ก
คุณยังไม่ได้ล็อกอิน คุณสามารถมีกิจกรรมร่วมกับเว็บไซต์ได้ แต่ต้องล็อกอินก่อน ::
  ล็อกอิน

รายการสื่อสารสนเทศ

ลำดับที่ ประเภท เลขเรียก/บาร์โค้ด สถานที่ สถานะ
1. หนังสือสำรอง
หนังสือสำรอง
WY161 อ684ส ล.2 ฉ.1 
  Barcode: 26093
ห้องสมุดวิทยาเขตนครสวรรค์
►หนังสือทั่วไป:l:General Books
บนชั้น
2. วิทยาศาสตร์การแพทย์ และสุขภาพ
วิทยาศาสตร์การแพทย์ และสุขภาพ
WY161 อ684ส ล.2 ฉ.2 
  Barcode: 26094
ห้องสมุดวิทยาเขตนครสวรรค์
►หนังสือทั่วไป:l:General Books
บนชั้น
3. วิทยาศาสตร์การแพทย์ และสุขภาพ
วิทยาศาสตร์การแพทย์ และสุขภาพ
WY161 อ684ส ล.2 ฉ.3 
  Barcode: 26095
ห้องสมุดวิทยาเขตนครสวรรค์
►หนังสือทั่วไป:l:General Books
ถูกยืม กำหนดส่งวันที่ 4 กรกฎาคม 2568
  จอง

รายการใกล้เคียง
    หัวเรื่อง [การพยาบาลศัลยศาสตร์]

BibComment


ยังไม่เคยถูกคอมเมนท์

คอมเมนท์ทรัพยากรรายการนี้
  คอมเมนท์: สาระหลักทางการพย..


 Copyright 2026. Bcnsprnw @Library